Dzikie koty - ZDJĘCIA - Statystyki

Ogólne statystyki
  • Ten quiz został rozwiązany 156 razy
  • Średni wynik to 7 z 12
Statystyki odpowiedzi
Obrazkowy Odpowiedź % Poprawnych
Tygrys azjatycki
100%
Lew afrykański
99%
Ryś euroazjatycki
85%
Lampart plamisty
81%
Gepard grzywiasty
77%
Puma płowa
73%
Jaguar amerykański
57%
Irbis śnieżny
39%
Ocelot nadrzewny
32%
Pantera mglista
31%
Manul stepowy
27%
Serwal sawannowy
25%
Nie znaleziono quizów pasujących do podanych kryteriów
Rozkład punktacji
Procent ludzi z każdym wynikiem
Percentyl według liczby udzielonych odpowiedzi
Twoja historia wyników
Nie rozwiązałeś tego quizu